000 01190pam a2200325 a 4500
001 30604
003 BD-RjUL
005 20211209051604.0
008 930614r19951994enk b 001 0 eng
020 _a0415071984
020 _a0415071992 (pbk.)
035 _a(BD-RjUL)
040 _aDLC
_cDLC
_dDLC
_dBD-RjUL
_beng
041 _aeng
082 0 0 _a371.930941
_220
_bCOE 1995
100 1 _aCooper, Paul,
_d1955-
_992973
245 1 0 _aEmotional and behavioural difficulties :
_btheory to practice /
_cPaul Cooper, Colin J. Smith, and Graham Upton.
260 _aLondon ;
_aNew York :
_bRoutledge,
_c1994 [reprinted 1995]
300 _avi, 210 p. ;
_c23 cm.
504 _aIncludes bibliographical references (p. 191-201) and indexes.
650 0 _aProblem children
_xEducation
_zGreat Britain.
_992974
650 0 _aBehavior modification
_zGreat Britain.
_992975
650 0 _aClassroom management
_zGreat Britain.
_992976
700 1 _aSmith, Colin,
_d1938-
_992977
700 1 _aUpton, Graham,
_d1944-
_992978
856 4 2 _3Publisher description
_uhttp://www.loc.gov/catdir/enhancements/fy0648/93025943-d.html
942 _2ddc
_cBK
999 _c30604
_d30604